000 00307nam a22001457a 4500
008 230703b ||||| |||| 00| 0 eng d
020 _a9781111574482
041 _aeng
080 _22E
_a51
082 _a51STE
100 _a23
101 _aMATE
245 _aTRIGONOMETRY
_cSTEWART.J
942 _2udc
_cBK
999 _c60071
_d60071